El suelo y su fertilidad: propiedades físicas, biológicas y químicas del suelo en relación a su formación, clasificación y tratamientos desde el punto de vista de la fertilidad
שמור ב:
| Main Authors: | , |
|---|---|
| פורמט: | ספר |
| שפה: | ספרדית |
| יצא לאור: |
Ciudad de México
Continental
1965
|
| נושאים: | |
| תגים: |
הוספת תג
אין תגיות, היה/י הראשונ/ה לתייג את הרשומה!
|
MARC
| LEADER | 00000nam a2200000 a 4500 | ||
|---|---|---|---|
| 001 | UCV7310 | ||
| 003 | CL-VaPUC | ||
| 008 | 910730e19650000MX |||||||||||||||||spa|d | ||
| 082 | 0 | 4 | |a 631.45 |b TEU |2 21 |
| 100 | 0 | |a Teuscher, Henry |e author |9 301383 | |
| 700 | 0 | |a Adler, Rudolph |e author |9 301384 | |
| 245 | 1 | 3 | |a El suelo y su fertilidad: propiedades físicas, biológicas y químicas del suelo en relación a su formación, clasificación y tratamientos desde el punto de vista de la fertilidad |
| 300 | |a 510 p | ||
| 942 | |c BK | ||
| 945 | |d 19910730 00:00:00 | ||
| 260 | |a Ciudad de México |b Continental |c 1965 | ||
| 650 | 0 | |a Fertilidad del agua |9 264571 | |
| 650 | 7 | |a EDAFOLOGIA |2 CL-VaPUC |9 301385 | |
| 583 | |a last modification |c 19910730 00:00:00 |k Rodrigo Vera | ||
| 999 | |c 213009 |d 213007 | ||
| 952 | |0 0 |1 1 |2 ddc |4 0 |6 631_450000000000000_TEU_1965 |7 0 |8 P |9 194958 |a BIBAGR |b BIBAGR |d 2019-11-14 |i 2630796 |o 631.45 TEU 1965 |p 2630796 |r 2019-11-14 |w 2019-11-14 |y BK |k AGR | ||